00489nam a2200145 a 450000100100000000500170001000800410002704000250006808200140009311000520010724500670015926000360022630000200026250000610028200003153220200930063009.0110627s1915 xxu 000 0 spa d aDO-SdBNPbspacBNPHU axxxxbE791 aEstado Unidos.bBefore The Departament of State00aThe successors of J. B. Vicini against the Dominican Republic. a[Washington] :b[s. n.],c1915. a55 p. ;c22 cm. aLetter of Mr. Crammond kennedy to the Secretary of State